Los cuentos infantiles / (Record no. 192655)

MARC details
000 -LEADER
campo de control de longitud fija 01644nam a2200385 i 4500
001 - NÚMERO DE CONTROL
campo de control 192655
003 - IDENTIFICADOR DE NÚMERO DE CONTROL
campo de control SpMaBN
005 - FECHA Y HORA DE LA ÚLTIMA TRANSACCIÓN
campo de control 20250901024000.0
008 - DATOS DE LONGITUD FIJA--INFORMACIÓN GENERAL
campo de control de longitud fija 230508s2015 sp | |||| 000 0 spa
017 ## - NÚMERO DE COPYRIGHT O DE DEPÓSITO LEGAL
Número de copyright o de depósito legal M 25295-2015
Agencia que asigna Oficina Depósito Legal Madrid
020 ## - NÚMERO INTERNACIONAL ESTÁNDAR DEL LIBRO
Número Internacional Estándar del Libro 9788494370298
035 ## - NÚMERO DE CONTROL DEL SISTEMA
Número de control de sistema (OCoLC)931011395
040 ## - FUENTE DE CATALOGACIÓN
Centro catalogador/agencia de origen SpMaBN
Lengua de catalogación spa
Centro/agencia transcriptor ES-MaACL
Normas de descripción rda
080 ## - NÚMERO DE LA CLASIFICACIÓN DECIMAL UNIVERSAL
Número de la Clasificación Decimal Universal 82-93.09
080 ## - NÚMERO DE LA CLASIFICACIÓN DECIMAL UNIVERSAL
Número de la Clasificación Decimal Universal 159.964.2:82-93
245 04 - MENCIÓN DEL TÍTULO
Título Los cuentos infantiles /
Mención de responsabilidad, etc. Eloísa Castellano, Adriana Cinello, Carlos Padrón, coordinadores
250 ## - MENCION DE EDICION
Mención de edición 1ª edición: agosto de 2015
264 ## - PRODUCCIÓN, PUBLICACIÓN, DISTRIBUCIÓN, FABRICACIÓN Y COPYRIGHT
Producción, publicación, distribución, fabricación y copyright [Madrid] :
Nombre del de productor, editor, distribuidor, fabricante Asociación Psicoanalítica de Madrid,
Fecha de producción, publicación, distribución, fabricación o copyright 2015
300 ## - DESCRIPCIÓN FÍSICA
Extensión 135 páginas ;
Dimensiones 22 cm
336 ## - TIPO DE CONTENIDO
Término de tipo de contenido Texto (visual)
Fuente isbdcontent
337 ## - TIPO DE MEDIO
Nombre/término del tipo de medio sin mediación
Fuente isbdmedia
500 ## - NOTA GENERAL
Nota general Índice
500 ## - NOTA GENERAL
Nota general Recoge las conferencias impartidas por miembros de la Asociación Psicoanalítica de Madrid y del Instituto de Psicoanálisis de la misma, entre enero y junio de 2014 en el Círculo de Bellas Artes de Madrid, dentro del ciclo "Los cuentos Infantiles"
504 ## - NOTA DE BIBLIOGRAFÍA, ETC.
Nota de bibliografía, etc. Referencias bibliográficas
650 #7 - PUNTO DE ACCESO ADICIONAL DE MATERIA--TÉRMINO DE MATERIA
Término de materia o nombre geográfico como elemento de entrada Psicoanálisis y literatura
Fuente del encabezamiento o término embne
9 (RLIN) 16535
650 #0 - PUNTO DE ACCESO ADICIONAL DE MATERIA--TÉRMINO DE MATERIA
Término de materia o nombre geográfico como elemento de entrada Cuento infantil-
Subdivisión general Aspectos psicológicos
9 (RLIN) 226309
700 1# - ENTRADA AGREGADA--NOMBRE PERSONAL
Nombre de persona Castellano-Maury, Eloísa
Término indicativo de función/relación Editor literario
9 (RLIN) 176476
700 1# - ENTRADA AGREGADA--NOMBRE PERSONAL
Nombre de persona Cinello, Adriana
9 (RLIN) 176465
Término indicativo de función/relación Editor literario
700 1# - ENTRADA AGREGADA--NOMBRE PERSONAL
Nombre de persona Padrón, Carlos
Forma completa/desarrollada del nombre (Padrón Estarriol)
9 (RLIN) 176466
Término indicativo de función/relación Editor literario
710 0# - ENTRADA AGREGADA--NOMBRE DE ENTIDAD CORPORATIVA
9 (RLIN) 1790
Nombre de entidad corporativa o nombre de jurisdicción como elemento de entrada Asociación Psicoanalítica de Madrid
Término indicativo de función/relación Editor
852 ## - LOCALIZACIÓN
Ubicación ES-MaACL
Sublocalización o colección R. 153129
Ubicación en estantería Depósito J
Número de control de estantería N-8281
Donativo/Legado Donación: Editorial
itemnumber 199952
942 ## - ELEMENTOS DE ENTRADA SECUNDARIOS (KOHA)
Tipo de ítem Koha Libro impreso
Suprimir en OPAC No
Holdings
Estatus retirado Estado de pérdida Fuente del sistema de clasificación o colocación Estado de daño No para préstamo Biblioteca de origen Biblioteca actual Ubicación en estantería Fecha de adquisición Fuente de adquisición Total de préstamos Signatura topográfica completa Código de barras Visto por última vez Tipo de ítem Koha
    Clasificación decimal universal     Biblioteca del Ateneo de Madrid Biblioteca del Ateneo de Madrid Depósito J 27/07/2021 Donación   N-8281 101205296 08/05/2023 Libro impreso